[Event "Manizales op 30th"]
[Site "Manizales"]
[Date "2025.01.11"]
[Round "7"]
[White "Palacio, Pablo Persi"]
[Black "Toro Castaneda, Miguel Angel"]
[Result "0-1"]
[WhiteElo "1890"]
[BlackElo "2063"]
[PlyCount "70"]
[EventDate "2025.01.08"]
[EventType "tourn"]
[EventRounds "7"]
[EventCountry "COL"]
[SourceTitle "CB03_2025"]
[SourceDate "2025.01.15"]
[SourceVersion "1"]
[SourceVersionDate "2025.01.15"]
[SourceQuality "1"]

1. d4 Nf6 2. Nf3 g6 3. g3 Bg7 4. Bg2 0-0 5. 0-0 d6 6. Nbd2 c5 7. c3 Nc6 8. dxc5 dxc5 9. e4 Qc7 10. Re1 e5 11. Qc2 Rd8 12. Nf1 h6 13. Be3 b6 14. Rad1 Bb7 15. Nh4 Bf8 16. h3 Kh7 17. f4 Bd6 18. Qf2 Na5 19. Bc1 Re8 20. fxe5 Bxe5 21. Rd3 Re7 22. b3 c4 23. Rf3 Nxe4 24. Qe3 Ng5 25. b4 Nc6 26. Rf2 Rae8 27. Nf3 Nxf3+ 28. Bxf3 Bg7 29. Be4 Rxe4 30. Qxe4 Rxe4 31. Rxe4 Ne5 32. Ref4 Qc6 33. Re2 Nd3 34. Rfe4 Nxc1 35. R2e3 f5 0-1

[Event "Manizales op 30th"]
[Site "Manizales"]
[Date "2025.01.09"]
[Round "2"]
[White "Toro Castaneda, Miguel Angel"]
[Black "Marin Ortiz, Orlando"]
[Result "1-0"]
[WhiteElo "2063"]
[BlackElo "1827"]
[PlyCount "34"]
[EventDate "2025.01.08"]
[EventType "tourn"]
[EventRounds "7"]
[EventCountry "COL"]
[SourceTitle "CB03_2025"]
[SourceDate "2025.01.15"]
[SourceVersion "1"]
[SourceVersionDate "2025.01.15"]
[SourceQuality "1"]

1. e4 e5 2. Nf3 d6 3. d4 exd4 4. Nxd4 Nf6 5. Nc3 Be7 6. Be3 Bd7 7. f3 Nc6 8. Qd2 a6 9. g4 Ne5 10. Be2 c5 11. Nf5 Bxf5 12. gxf5 Qc7 13. Rg1 g6 14. Bh6 0-0-0 15. Bg7 Rhg8 16. Bxf6 gxf5 17. 0-0-0 Bxf6 1-0

[Event "Juegos Univers 31st blitz op"]
[Site "Pereira"]
[Date "2024.10.02"]
[Round "1"]
[White "Pena Castro, Junior Orlando"]
[Black "Toro Castaneda, Miguel Angel"]
[Result "0-1"]
[WhiteElo "1705"]
[BlackElo "2047"]
[PlyCount "84"]
[EventDate "2024.10.02"]
[EventType "swiss"]
[EventRounds "14"]
[EventCountry "COL"]
[SourceTitle "EXT 2025"]
[Source "ChessBase"]
[SourceDate "2024.10.14"]
[SourceVersion "1"]
[SourceVersionDate "2024.10.14"]
[SourceQuality "1"]

1. c4 Nf6 2. Nc3 g6 3. Nf3 Bg7 4. d4 0-0 5. Bg5 h6 6. Bxf6 Bxf6 7. e3 d6 8. Be2 Nd7 9. 0-0 e5 10. Rc1 c6 11. b4 exd4 12. Nxd4 Re8 13. Qc2 Qc7 14. Ne4 Bg7 15. Rfd1 a5 16. b5 Nc5 17. Ng3 h5 18. Bf3 Bd7 19. a4 Rad8 20. Qa2 h4 21. Nf1 Ne4 22. Nb3 Nc3 23. Qd2 Nxd1 24. Rxd1 cxb5 25. cxb5 b6 26. Rc1 Qb8 27. Nd4 d5 28. Nc6 Bxc6 29. bxc6 Qd6 30. Qd3 Re7 31. Qb5 Rc7 32. Rd1 Qxc6 33. Qxc6 Rxc6 34. Rxd5 Rxd5 35. Bxd5 Rc1 36. Bc6 Bc3 37. Bb5 Bb4 38. h3 Kg7 39. f3 Bc5 40. Kf2 Rc2+ 41. Be2 Ra2 42. Nd2 Rxd2 0-1

[Event "Juegos Univers 31st op"]
[Site "Pereira"]
[Date "2024.09.29"]
[Round "3"]
[White "Toro Castaneda, Miguel Angel"]
[Black "Duran Cardoso, Tomas"]
[Result "1-0"]
[WhiteElo "2047"]
[BlackElo "1723"]
[PlyCount "49"]
[EventDate "2024.09.28"]
[EventType "swiss"]
[EventRounds "7"]
[EventCountry "COL"]
[SourceTitle "EXT 2025"]
[Source "ChessBase"]
[SourceDate "2024.10.14"]
[SourceVersion "1"]
[SourceVersionDate "2024.10.14"]
[SourceQuality "1"]

1. e4 c5 2. Nf3 e6 3. d4 cxd4 4. Nxd4 Nf6 5. Nc3 Nc6 6. a3 a6 7. Be3 Qc7 8. Be2 d6 9. 0-0 Bd7 10. f4 Be7 11. Qe1 Nxd4 12. Bxd4 Bc6 13. Bd3 e5 14. fxe5 dxe5 15. Qg3 Bd6 16. Qg4 g6 17. Qxg6 Rg8 18. Qxf6 exd4 19. Nd5 Bxh2+ 20. Kh1 Bxd5 21. exd5 Qg3 22. Rae1+ Kd7 23. Qxf7+ Kc8 24. Re8+ Rxe8 25. Qxe8+ 1-0

[Event "Medellin Castro Memorial op-A 31st"]
[Site "Medellin"]
[Date "2024.08.11"]
[Round "10"]
[White "Toro Castaneda, Miguel Angel"]
[Black "Lopez Rayo, Isabella"]
[Result "1/2-1/2"]
[WhiteElo "2070"]
[BlackElo "1951"]
[PlyCount "64"]
[EventDate "2024.08.07"]
[EventType "swiss"]
[EventRounds "10"]
[EventCountry "COL"]
[SourceTitle "CBM 221 Extra"]
[Source "ChessBase"]
[SourceDate "2024.09.30"]
[SourceVersion "1"]
[SourceVersionDate "2024.09.30"]
[SourceQuality "1"]

1. e4 e5 2. Nf3 Nc6 3. Bb5 Bc5 4. Nc3 Nf6 5. 0-0 0-0 6. Nxe5 Re8 7. Nf3 Nxe4 8. Nxe4 Rxe4 9. d3 Re8 10. d4 Bf8 11. d5 Ne5 12. Nxe5 Rxe5 13. Bf4 Re4 14. Qf3 Rb4 15. Bd3 Qf6 16. Qh3 g6 17. Bd2 Rh4 18. Qg3 Bd6 19. f4 b6 20. c4 Bb7 21. Bc3 Qd8 22. Rae1 c6 23. Bf5 Rh5 24. Bg4 Rh6 25. Bxd7 Bc5+ 26. Kh1 Qxd7 27. Qg5 Rh3 28. d6 Rxc3 29. bxc3 Bxd6 30. f5 Bf8 31. fxg6 hxg6 32. Rf6 c5 1/2-1/2

[Event "Medellin Castro Memorial op-A 31st"]
[Site "Medellin"]
[Date "2024.08.09"]
[Round "6"]
[White "Toro Castaneda, Miguel Angel"]
[Black "Cordoba Roa, Angel Gabriel"]
[Result "1/2-1/2"]
[WhiteElo "2070"]
[BlackElo "2349"]
[PlyCount "61"]
[EventDate "2024.08.07"]
[EventType "swiss"]
[EventRounds "10"]
[EventCountry "COL"]
[SourceTitle "CBM 221 Extra"]
[Source "ChessBase"]
[SourceDate "2024.09.30"]
[SourceVersion "1"]
[SourceVersionDate "2024.09.30"]
[SourceQuality "1"]

1. e4 e5 2. Nf3 Nc6 3. Bb5 a6 4. Ba4 Nf6 5. d4 exd4 6. 0-0 Be7 7. e5 Ne4 8. Nxd4 0-0 9. Bf4 Nc5 10. Nc3 Nxa4 11. Nxa4 d5 12. exd6 Bxd6 13. Bxd6 Qxd6 14. Nxc6 Qxc6 15. Nc3 Be6 16. Qh5 Rad8 17. Rad1 h6 18. Rxd8 Rxd8 19. Rd1 Rxd1+ 20. Qxd1 Qc5 21. h3 b5 22. a3 Qg5 23. Kh2 Qe5+ 24. Kg1 c5 25. Qd2 b4 26. axb4 cxb4 27. Nd1 a5 28. b3 Qa1 29. Kh2 Bf5 30. Kg1 Be6 31. f4 1/2-1/2

[Event "Medellin Castro Memorial op-A 31st"]
[Site "Medellin"]
[Date "2024.08.08"]
[Round "3"]
[White "Ruiz Jaraba, Valentina Sofia"]
[Black "Toro Castaneda, Miguel Angel"]
[Result "0-1"]
[WhiteElo "1971"]
[BlackElo "2070"]
[PlyCount "56"]
[EventDate "2024.08.07"]
[EventType "swiss"]
[EventRounds "10"]
[EventCountry "COL"]
[SourceTitle "CBM 221 Extra"]
[Source "ChessBase"]
[SourceDate "2024.09.30"]
[SourceVersion "1"]
[SourceVersionDate "2024.09.30"]
[SourceQuality "1"]

1. e4 c5 2. Nf3 e6 3. d4 cxd4 4. Nxd4 a6 5. Bd3 Bc5 6. Nf3 Nc6 7. 0-0 Nge7 8. Nc3 Ng6 9. Kh1 b5 10. a3 Bb7 11. Qe2 Qc7 12. Be3 d6 13. Nd2 Nd4 14. Bxd4 Bxd4 15. Bxb5+ Ke7 16. Ba4 Be5 17. Qg4 h5 18. Qh3 Rac8 19. Rab1 Ba8 20. Ne2 Qa5 21. f4 Bf6 22. e5 dxe5 23. Nc3 Nxf4 24. Rxf4 exf4 25. Nb3 Rxc3 26. bxc3 Qxa4 27. Nc5 Qc6 28. Nd3 f3 0-1

[Event "American Continental 18th"]
[Site "Medellin"]
[Date "2024.05.31"]
[Round "10"]
[White "Perdomo Olarte, Jefferson"]
[Black "Toro Castaneda, Miguel Angel"]
[Result "1/2-1/2"]
[WhiteElo "1986"]
[BlackElo "2079"]
[PlyCount "50"]
[EventDate "2024.05.24"]
[EventType "swiss"]
[EventRounds "11"]
[EventCountry "COL"]
[SourceTitle "CBM 220 Extra"]
[Source "ChessBase"]
[SourceDate "2024.07.31"]
[SourceVersion "1"]
[SourceVersionDate "2024.07.31"]
[SourceQuality "1"]

1. e4 c5 2. Nf3 d6 3. d4 cxd4 4. Nxd4 Nf6 5. Nc3 g6 6. Be3 Bg7 7. f3 0-0 8. Qd2 Nc6 9. Bc4 Bd7 10. 0-0-0 Rc8 11. Bb3 Ne5 12. h4 h5 13. Bg5 Rc5 14. Kb1 b5 15. g4 hxg4 16. h5 Nxh5 17. Nd5 Rxd5 18. Bxd5 gxf3 19. Nf5 Bxf5 20. exf5 Qd7 21. fxg6 e6 22. gxf7+ Qxf7 23. Bb3 Ng3 24. Qxd6 Nxh1 25. Bxe6 Nf2 1/2-1/2

[Event "American Continental 18th"]
[Site "Medellin"]
[Date "2024.05.25"]
[Round "3"]
[White "Reyes Zavaleta, Cristhian Yamil"]
[Black "Toro Castaneda, Miguel Angel"]
[Result "1-0"]
[WhiteElo "1861"]
[BlackElo "2079"]
[PlyCount "81"]
[EventDate "2024.05.24"]
[EventType "swiss"]
[EventRounds "11"]
[EventCountry "COL"]
[SourceTitle "CBM 220 Extra"]
[Source "ChessBase"]
[SourceDate "2024.07.31"]
[SourceVersion "1"]
[SourceVersionDate "2024.07.31"]
[SourceQuality "1"]

1. d4 Nf6 2. c4 g6 3. Nc3 Bg7 4. e4 d6 5. Nf3 0-0 6. Be2 Nbd7 7. 0-0 e5 8. d5 Nc5 9. Nd2 a5 10. b3 Bh6 11. Qc2 Bd7 12. a3 Ne8 13. Rb1 f5 14. b4 axb4 15. axb4 Na6 16. Nd1 Nf6 17. c5 Bxd2 18. Bxd2 Nxe4 19. c6 Bc8 20. Bh6 Re8 21. f3 Ng5 22. Qa4 Nf7 23. Bd2 b5 24. Bxb5 f4 25. Nf2 Ng5 26. Bd3 Bf5 27. Bxa6 Bxb1 28. Rxb1 e4 29. Nxe4 Rxe4 30. fxe4 Nxe4 31. Qc2 Nxd2 32. Qxd2 Rxa6 33. Qxf4 Qe7 34. Kh1 Ra2 35. Rf1 Rb2 36. Qg4 Rf2 37. Ra1 Ra2 38. Rg1 Rd2 39. Qc8+ Kg7 40. Qd7 Qf7 41. Rf1 1-0

[Event "Medellin Raza Cup"]
[Site "Medellin"]
[Date "2022.10.21"]
[Round "5"]
[White "Mateus, Alejandro"]
[Black "Toro Castaneda, Miguel Angel"]
[Result "1-0"]
[WhiteElo "2282"]
[BlackElo "2016"]
[PlyCount "43"]
[EventDate "2022.10.19"]
[EventType "swiss"]
[EventRounds "10"]
[EventCountry "COL"]
[SourceTitle "EXT 2024"]
[Source "ChessBase"]
[SourceDate "2023.10.10"]
[SourceVersion "1"]
[SourceVersionDate "2023.10.10"]
[SourceQuality "1"]

1. e4 c5 2. Nf3 d6 3. d4 cxd4 4. Nxd4 Nf6 5. Nc3 g6 6. Be3 Bg7 7. f3 0-0 8. Qd2 Nc6 9. Bc4 Bd7 10. 0-0-0 Rc8 11. Bb3 Nxd4 12. Bxd4 b5 13. h4 a5 14. h5 a4 15. Bxf6 exf6 16. Bd5 b4 17. Ne2 Qb6 18. Kb1 Bc6 19. hxg6 hxg6 20. Nf4 Qb7 21. Nxg6 Bxd5 22. Qxd5 1-0

[Event "Medellin Raza Cup"]
[Site "Medellin"]
[Date "2022.10.20"]
[Round "4"]
[White "Toro Castaneda, Miguel Angel"]
[Black "Lopez Rayo, Santiago"]
[Result "1/2-1/2"]
[WhiteElo "2016"]
[BlackElo "2266"]
[PlyCount "110"]
[EventDate "2022.10.19"]
[EventType "swiss"]
[EventRounds "10"]
[EventCountry "COL"]
[SourceTitle "EXT 2024"]
[Source "ChessBase"]
[SourceDate "2023.10.10"]
[SourceVersion "1"]
[SourceVersionDate "2023.10.10"]
[SourceQuality "1"]

1. e4 c5 2. Nf3 d6 3. d4 cxd4 4. Nxd4 Nf6 5. Nc3 g6 6. Be3 Bg7 7. f3 0-0 8. Qd2 Nc6 9. Bc4 Bd7 10. h4 h5 11. 0-0-0 Rc8 12. Bb3 Ne5 13. Bg5 Rc5 14. Kb1 b5 15. g4 hxg4 16. h5 Nxh5 17. Nd5 Re8 18. Rxh5 gxh5 19. Qh2 Nc4 20. Qxh5 Rxd5 21. exd5 Qb6 22. Bh6 Bf6 23. c3 Nxb2 24. Kxb2 b4 25. Be3 bxc3+ 26. Kc2 Qa6 27. Rh1 e5 28. dxe6 Bxe6 29. Bxe6 Rxe6 30. Qh7+ Kf8 31. Nxe6+ Ke7 32. Nd4 Qxa2+ 33. Kxc3 d5 34. Qd3 gxf3 35. Rb1 f2 36. Rb7+ Kd8 37. Rb8+ Ke7 38. Kb4 Qb2+ 39. Ka5 Qa1+ 40. Kb4 Qb2+ 41. Ka4 Qa1+ 42. Kb3 f1Q 43. Nf5+ Qxf5 44. Bc5+ Ke6 45. Re8+ Be7 46. Qe3+ Qe4 47. Qh3+ Ke5 48. Rxe7+ Kf6 49. Qh8+ Kg6 50. Qxa1 Qc4+ 51. Kb2 Qb5+ 52. Ka2 Qc4+ 53. Kb1 Qf1+ 54. Ka2 Qc4+ 55. Kb2 Qb5+ 1/2-1/2

[Event "Medellin Raza Cup"]
[Site "Medellin"]
[Date "2022.10.20"]
[Round "3"]
[White "Velez Alvarez, Laura Camila"]
[Black "Toro Castaneda, Miguel Angel"]
[Result "0-1"]
[WhiteElo "1798"]
[BlackElo "2016"]
[PlyCount "130"]
[EventDate "2022.10.19"]
[EventType "swiss"]
[EventRounds "10"]
[EventCountry "COL"]
[SourceTitle "EXT 2024"]
[Source "ChessBase"]
[SourceDate "2023.10.10"]
[SourceVersion "1"]
[SourceVersionDate "2023.10.10"]
[SourceQuality "1"]

1. e4 c5 2. Nf3 d6 3. d4 Nf6 4. Bd3 cxd4 5. Nxd4 Nc6 6. Nxc6 bxc6 7. 0-0 g6 8. h3 Bg7 9. f4 Qb6+ 10. Kh2 h5 11. Nc3 Bd7 12. Qe1 Ng4+ 13. Kh1 Bd4 14. Nd1 Rb8 15. c3 Bf6 16. Rb1 Qa5 17. a3 c5 18. Ne3 Nxe3 19. Qxe3 Qc7 20. Bc4 Bb5 21. Qd3 Qd7 22. Bd2 Bxc4 23. Qxc4 Qb5 24. Qxb5+ Rxb5 25. b4 cxb4 26. cxb4 Kd7 27. Rfc1 a6 28. Kg1 Bd4+ 29. Kf1 f5 30. Rc4 e5 31. exf5 gxf5 32. a4 Rb7 33. fxe5 dxe5 34. Bc3 Bxc3 35. Rxc3 Rhb8 36. Rd1+ Ke7 37. Rc5 Rxb4 38. Rxe5+ Kf6 39. Ra5 R8b6 40. Rdd5 Rf4+ 41. Ke2 Kg5 42. g3 Re6+ 43. Kd2 Rf2+ 44. Kc3 Re3+ 45. Kc4 Rxg3 46. Rxa6 Rxh3 47. Ra8 Ra3 48. a5 h4 49. a6 h3 50. a7 Rfa2 51. Rd7 Kf4 52. Rh7 h2 53. Kd4 Rxa7 54. Raxa7 Rxa7 55. Rxh2 Rd7+ 56. Kc3 Kg3 57. Rh8 f4 58. Rg8+ Kf2 59. Kc2 f3 60. Kc1 Ke2 61. Re8+ Kf1 62. Rg8 f2 63. Kc2 Rd5 64. Rh8 Rg5 65. Rf8 Kg2 0-1

[Event "Medellin Raza Cup"]
[Site "Medellin"]
[Date "2022.10.19"]
[Round "2"]
[White "Toro Castaneda, Miguel Angel"]
[Black "Malka, Samuel"]
[Result "0-1"]
[WhiteElo "2016"]
[BlackElo "2256"]
[PlyCount "80"]
[EventDate "2022.10.19"]
[EventType "swiss"]
[EventRounds "10"]
[EventCountry "COL"]
[SourceTitle "EXT 2024"]
[Source "ChessBase"]
[SourceDate "2023.10.10"]
[SourceVersion "1"]
[SourceVersionDate "2023.10.10"]
[SourceQuality "1"]

1. e4 c5 2. Nf3 Nc6 3. Nc3 e5 4. Bc4 Be7 5. d3 d6 6. Nd2 Nf6 7. Nf1 Bg4 8. f3 Be6 9. Ne3 0-0 10. 0-0 Nd4 11. a4 a6 12. Bd2 Nd7 13. Ned5 Rb8 14. a5 Nc6 15. Qc1 Re8 16. Ne2 Bxd5 17. Bxd5 Nf6 18. Bc4 d5 19. exd5 Nxd5 20. Ng3 Qd7 21. c3 Rbd8 22. Qc2 h6 23. Qb3 Bf8 24. Rfe1 Nf4 25. Be3 Qc7 26. Red1 Rd7 27. Qa4 Red8 28. Ne4 Nxd3 29. Qc2 Nf4 30. Rxd7 Rxd7 31. g3 Nd5 32. Bxh6 Nxa5 33. Bxd5 Rxd5 34. Ng5 g6 35. Bxf8 Kxf8 36. Qe4 Qd6 37. Qh4 Rd1+ 38. Rxd1 Qxd1+ 39. Kg2 Qe2+ 40. Kh3 Qf1+ 0-1